<?xml version="1.0" encoding="UTF-8"?>
<record
    xmlns:xsi="http://www.w3.org/2001/XMLSchema-instance"
    xsi:schemaLocation="http://www.loc.gov/MARC21/slim http://www.loc.gov/standards/marcxml/schema/MARC21slim.xsd"
    xmlns="http://www.loc.gov/MARC21/slim">

  <leader>00495nam a2200169Ia 4500</leader>
  <controlfield tag="008">230718s9999    xx            000 0 und d</controlfield>
  <datafield tag="020" ind1=" " ind2=" ">
    <subfield code="a">9780262018029</subfield>
  </datafield>
  <datafield tag="041" ind1=" " ind2=" ">
    <subfield code="a">eng</subfield>
  </datafield>
  <datafield tag="082" ind1=" " ind2=" ">
    <subfield code="a">006.31</subfield>
    <subfield code="b">MUR</subfield>
  </datafield>
  <datafield tag="100" ind1=" " ind2=" ">
    <subfield code="a">Murphy K.P.</subfield>
    <subfield code="9">201617</subfield>
  </datafield>
  <datafield tag="245" ind1=" " ind2=" ">
    <subfield code="a">Machine Learning</subfield>
    <subfield code="b">A Probabilistic Perspective</subfield>
  </datafield>
  <datafield tag="260" ind1=" " ind2=" ">
    <subfield code="c">2012</subfield>
    <subfield code="b">The MIT Press</subfield>
  </datafield>
  <datafield tag="300" ind1=" " ind2=" ">
    <subfield code="a">1071</subfield>
    <subfield code="d">Ref 1760 E (60986)</subfield>
  </datafield>
  <datafield tag="365" ind1=" " ind2=" ">
    <subfield code="c">Rs.</subfield>
    <subfield code="b">7791.00</subfield>
  </datafield>
  <datafield tag="700" ind1=" " ind2=" ">
    <subfield code="a">Murphy K.P.</subfield>
    <subfield code="9">201617</subfield>
  </datafield>
  <datafield tag="906" ind1=" " ind2=" ">
    <subfield code="d">O:0644513-Mar-2019B:511004-Feb-2019</subfield>
    <subfield code="c">BETC</subfield>
    <subfield code="b">1947.75</subfield>
  </datafield>
  <datafield tag="999" ind1=" " ind2=" ">
    <subfield code="c">349779</subfield>
    <subfield code="d">349779</subfield>
  </datafield>
  <datafield tag="952" ind1=" " ind2=" ">
    <subfield code="0">0</subfield>
    <subfield code="1">0</subfield>
    <subfield code="2">ddc</subfield>
    <subfield code="3">Ref 1760 E (60986)</subfield>
    <subfield code="4">0</subfield>
    <subfield code="7">3</subfield>
    <subfield code="a">CCEP</subfield>
    <subfield code="b">CCEP</subfield>
    <subfield code="d">2019-03-13</subfield>
    <subfield code="e">Technical Book Services</subfield>
    <subfield code="f">BETC</subfield>
    <subfield code="g">5843.25</subfield>
    <subfield code="i">5110</subfield>
    <subfield code="o">006.31</subfield>
    <subfield code="p">CCEP-BK-60986</subfield>
    <subfield code="r">2023-07-18 00:00:00</subfield>
    <subfield code="t">1947.75</subfield>
    <subfield code="v">7791.00</subfield>
    <subfield code="w">2019-02-04</subfield>
    <subfield code="y">BK</subfield>
    <subfield code="z">060986</subfield>
  </datafield>
</record>
